000
00208 a2200097 4500
020
_a
9789681641276
041
_a
spa
100
_a
Pellicer Lopez, Carlos
245
_a
Julieta y su caja de colores
942
_c
BK
999
_c
29805
_d
29803